[Event "POL-chT U19 2nd League"]
[Site "Lublin"]
[Date "2007.07.10"]
[Round "5"]
[White "Ryszkiewicz, Adam"]
[Black "Wydra, Tomasz"]
[Result "1/2-1/2"]
[WhiteElo "1827"]
[BlackElo "1830"]
[PlyCount "42"]
[EventDate "2007.07.07"]
[EventType "team-swiss"]
[EventRounds "11"]
[EventCountry "POL"]
[SourceTitle "EXT 2010"]
[Source "ChessBase"]
[SourceDate "2010.11.25"]
[SourceVersion "1"]
[SourceVersionDate "2010.11.25"]
[SourceQuality "1"]
[WhiteTeam "Suwalki UMKS Jacwiez U19"]
[BlackTeam "Radkow Giecek U19"]
[WhiteTeamCountry "POL"]
[BlackTeamCountry "POL"]

1. e4 e5 2. Nf3 Nc6 3. Bc4 Bc5 4. 0-0 Nf6 5. d4 Bxd4 6. Nxd4 Nxd4 7. f4 d6 8. fxe5 dxe5 9. Bg5 Be6 10. Na3 Bxc4 11. Nxc4 Ne6 12. Bxf6 gxf6 13. Ne3 Qd4 14. Qxd4 Nxd4 15. Rxf6 0-0-0 16. Rxf7 Ne2+ 17. Kf2 Nf4 18. g3 Ne6 19. Rf5 Rhf8 20. Kg2 Rd2+ 21. Kh3 Rg8 1/2-1/2

[Event "POL-chT U19 2nd League"]
[Site "Lublin"]
[Date "2007.07.09"]
[Round "3"]
[White "Wydra, Tomasz"]
[Black "Plonczak, Dominik"]
[Result "0-1"]
[WhiteElo "1830"]
[BlackElo "2125"]
[PlyCount "98"]
[EventDate "2007.07.07"]
[EventType "team-swiss"]
[EventRounds "11"]
[EventCountry "POL"]
[SourceTitle "EXT 2010"]
[Source "ChessBase"]
[SourceDate "2010.11.25"]
[SourceVersion "1"]
[SourceVersionDate "2010.11.25"]
[SourceQuality "1"]
[WhiteTeam "Radkow Giecek U19"]
[BlackTeam "Poznan UMKS Na Pieterku U19 II"]
[WhiteTeamCountry "POL"]
[BlackTeamCountry "POL"]

1. e4 d6 2. d4 Nf6 3. Nc3 e5 4. dxe5 dxe5 5. Qxd8+ Kxd8 6. Bg5 Bd6 7. Bc4 Be6 8. Bxe6 fxe6 9. 0-0-0 Ke7 10. Nge2 a6 11. Kb1 Nc6 12. f3 b5 13. Be3 Rhb8 14. Nc1 Na5 15. Nd3 Nd7 16. f4 Nc4 17. Bc1 h6 18. Rhf1 a5 19. b3 a4 20. bxc4 bxc4+ 21. Ka1 cxd3 22. Rxd3 exf4 23. Bxf4 Ne5 24. Rd4 Rf8 25. h4 Rxf4 26. Rxf4 Nc6 27. Rxd6 cxd6 28. g4 Ne5 29. g5 Ng6 30. Rf2 h5 31. Kb2 Ne5 32. Ka3 Nd7 33. Rd2 Nc5 34. Rd4 Rf8 35. Nxa4 Rf3+ 36. Kb4 e5 37. Rc4 Ne6 38. Nc3 Nc5 39. a4 Rh3 40. Nd5+ Kd7 41. a5 Rxh4 42. Nc3 Rh1 43. Kb5 Ra1 44. Nd5 h4 45. Ne3 h3 46. Ng4 Rb1+ 47. Rb4 Rxb4+ 48. Kxb4 Kc6 49. c4 Nxe4 0-1

[Event "Polanica Zdroj op-C 41st "]
[Site "Polanica Zdroj"]
[Date "2005.08.27"]
[Round "9"]
[White "Gadek, Michal"]
[Black "Wydra, Tomasz"]
[Result "1-0"]
[WhiteElo "1800"]
[BlackElo "1800"]
[PlyCount "87"]
[EventDate "2005.08.19"]
[EventType "swiss"]
[EventRounds "9"]
[EventCountry "POL"]
[SourceTitle "EXT 2007"]
[Source "ChessBase"]
[SourceDate "2006.11.23"]
[SourceVersion "1"]
[SourceVersionDate "2006.11.23"]
[SourceQuality "1"]

1. d4 d5 2. c4 e6 3. Nc3 Nf6 4. cxd5 exd5 5. Bg5 Be7 6. Qc2 c6 7. e3 0-0 8. Bd3 h6 9. Bh4 Nbd7 10. Nge2 Re8 11. f3 Nf8 12. 0-0 Bd7 13. Bf2 Rc8 14. Rae1 c5 15. dxc5 Bxc5 16. Nd4 Bxd4 17. exd4 Qb6 18. Re5 Be6 19. Qd2 N8d7 20. Rc1 Qa5 21. Ree1 a6 22. b3 Rc6 23. Ne4 Qxd2 24. Nxd2 Rec8 25. Rxc6 Rxc6 26. Nb1 Ne8 27. Be3 Nd6 28. g4 Nf8 29. Rc1 Rxc1+ 30. Bxc1 Bd7 31. Nc3 Bc6 32. Kf2 Ne6 33. Ke3 Kf8 34. Ba3 Ke7 35. f4 Kd7 36. h4 Nc7 37. g5 hxg5 38. fxg5 g6 39. Bb2 Bb5 40. Nxb5 Ncxb5 41. Kf4 Ke6 42. Be2 Ne4 43. h5 gxh5 44. Bxh5 1-0

[Event "POL-chT2 U18"]
[Site "Sielpa"]
[Date "2004.??.??"]
[Round "1"]
[White "Marcinowski, Zbigniew"]
[Black "Wydra, Tomasz"]
[Result "1/2-1/2"]
[WhiteElo "1800"]
[BlackElo "1800"]
[PlyCount "53"]
[EventDate "2004.??.??"]
[EventType "team"]
[EventRounds "11"]
[EventCountry "POL"]
[SourceTitle "EXT 2007"]
[Source "ChessBase"]
[SourceDate "2006.11.23"]
[SourceVersion "1"]
[SourceVersionDate "2006.11.23"]
[SourceQuality "1"]

1. e4 e5 2. Nf3 Nc6 3. Bb5 a6 4. Ba4 Nf6 5. 0-0 b5 6. Bb3 Be7 7. Re1 0-0 8. c3 d5 9. d3 dxe4 10. dxe4 Qxd1 11. Bxd1 Bb7 12. Nbd2 Rad8 13. Bc2 Rfe8 14. Nf1 Bc5 15. h3 Nd7 16. Ng3 Nb6 17. b3 b4 18. c4 Nd4 19. Nxd4 Bxd4 20. Rb1 Bc3 21. Re2 Rd7 22. Bb2 Bxb2 23. Rxb2 Red8 24. Rb1 Rd2 25. Rxd2 Rxd2 26. Rd1 Rxd1+ 27. Bxd1 1/2-1/2